000 00708nam a2200253Ia 4500
003 OSt
005 20220925230250.0
006 a|||||r|||| 00| 0
007 ta
008 220923b |||||||| |||| 00| 0 eng d
020 _a0819190470
037 _cGeneral Book
040 _aRTL
_cRTL
_beng
041 _2eng
_aeng
082 _aQ7:(W), N4
100 _aDavutoglu Ahmet
_9293455
245 0 _aAlternative paradigms
_b The impact of Islamic and
260 _aLondon
_bUniversity Press of America UK
_c1994
300 _axi, 261p
_ccm.
500 _aBibliography: 203-28
650 _aIslam
_9577
942 _hQ7:(W), N4
_cGB
_2CC
999 _c585054
_d585054